[Event "DOM-ch"]
[Site "Santo Domingo"]
[Date "2022.02.25"]
[Round "5"]
[White "Hernandez Sanchez, Elvis de la Caridad"]
[Black "De Jesus Rosa, Michel"]
[Result "1-0"]
[WhiteElo "2274"]
[BlackElo "2124"]
[PlyCount "83"]
[EventDate "2022.02.18"]
[EventType "swiss"]
[EventRounds "11"]
[EventCountry "DOM"]
[SourceTitle "EXT 2023"]
[Source "ChessBase"]
[SourceDate "2022.10.05"]
[SourceVersion "1"]
[SourceVersionDate "2022.10.05"]
[SourceQuality "1"]

1. e4 c5 2. c3 d5 3. exd5 Qxd5 4. d4 g6 5. Nf3 Bg7 6. Na3 a6 7. Bc4 Qe4+ 8. Be3 Nh6 9. dxc5 0-0 10. Qd5 Qxd5 11. Bxd5 Nf5 12. Bd2 Nd7 13. c6 bxc6 14. Bxc6 Rb8 15. 0-0-0 Nc5 16. Bf4 Rb6 17. Bd5 Ne6 18. Be5 Bh6+ 19. Kc2 Nf4 20. Be4 Nxg2 21. Nd4 Ngh4 22. Nc4 Nxd4+ 23. Bxd4 Rb5 24. a4 Rh5 25. Ne3 Be6 26. b4 Bd7 27. Kb3 Bf4 28. Nd5 Bd6 29. c4 Nf5 30. Bc3 Rb8 31. Nxe7+ Bxe7 32. Rxd7 Bxb4 33. Bxb4 Rh3+ 34. f3 Ng3 35. hxg3 Rxh1 36. a5 Re1 37. Rb7 Rb1+ 38. Bxb1 Rxb7 39. Be4 Rb8 40. c5 h5 41. c6 g5 42. c7 1-0

[Event "DOM-ch"]
[Site "Santo Domingo"]
[Date "2022.02.18"]
[Round "1"]
[White "Hernandez Sanchez, Elvis de la Caridad"]
[Black "Perez Feliz, Jose Enrique"]
[Result "1-0"]
[WhiteElo "2274"]
[BlackElo "1925"]
[PlyCount "57"]
[EventDate "2022.02.18"]
[EventType "swiss"]
[EventRounds "11"]
[EventCountry "DOM"]
[SourceTitle "EXT 2023"]
[Source "ChessBase"]
[SourceDate "2022.10.05"]
[SourceVersion "1"]
[SourceVersionDate "2022.10.05"]
[SourceQuality "1"]

1. e4 e6 2. d4 d5 3. Nc3 Nf6 4. e5 Nfd7 5. Nce2 c5 6. f4 Nc6 7. Nf3 Qb6 8. g3 Be7 9. Bh3 Nf8 10. c3 Ng6 11. 0-0 0-0 12. Kg2 Bd7 13. Rf2 Rac8 14. Bg4 cxd4 15. Nexd4 Nxd4 16. Nxd4 Bc5 17. Be3 a6 18. b4 Bxd4 19. Bxd4 Qc6 20. Be2 Qa4 21. Qd2 Bb5 22. Bd1 Qa3 23. g4 f5 24. exf6 gxf6 25. f5 exf5 26. gxf5 Ne7 27. Bxf6 Kf7 28. Bh5+ Kxf6 29. Qh6+ 1-0

[Event "San Sebastian op 41st"]
[Site "San Sebastian"]
[Date "2018.03.30"]
[Round "8"]
[White "Munoz Avila, Jose Luis"]
[Black "Hernandez Sanchez, Elvis de la Caridad"]
[Result "0-1"]
[WhiteElo "2055"]
[BlackElo "2261"]
[PlyCount "84"]
[EventDate "2018.03.24"]
[EventType "swiss"]
[EventRounds "9"]
[EventCountry "ESP"]
[SourceTitle "CBM 183 Extra"]
[Source "ChessBase"]
[SourceDate "2018.04.19"]
[SourceVersion "1"]
[SourceVersionDate "2018.04.19"]
[SourceQuality "1"]

1. d4 Nf6 2. Nf3 g6 3. c4 c5 4. Nc3 Bg7 5. e4 0-0 6. d5 d6 7. h3 e6 8. Bd3 exd5 9. cxd5 Nh5 10. 0-0 Nd7 11. Be3 Re8 12. Qd2 a6 13. a4 Rb8 14. Rfe1 Qc7 15. Rac1 Ne5 16. Nxe5 Bxe5 17. Na2 Qd8 18. b4 cxb4 19. Nxb4 Bd7 20. Rc4 a5 21. Na2 b5 22. axb5 Bxb5 23. Rcc1 Bxd3 24. Qxd3 Rb2 25. Rc2 Qb8 26. Rxb2 Qxb2 27. Qd2 Qb5 28. Rc1 Rb8 29. g3 a4 30. Nc3 Qc4 31. Na2 Qxe4 32. Nb4 Bg7 33. Na6 Rb1 34. Rxb1 Qxb1+ 35. Kh2 a3 36. Qa5 a2 37. Qd8+ Bf8 38. Bh6 Ng7 39. Bxg7 Kxg7 40. Nc7 a1Q 41. Ne8+ Kg8 42. Nf6+ Qxf6 0-1

[Event "San Sebastian op 41st"]
[Site "San Sebastian"]
[Date "2018.03.27"]
[Round "5"]
[White "Hernandez Sanchez, Elvis de la Caridad"]
[Black "Cinza Lopez, Javier"]
[Result "0-1"]
[WhiteElo "2261"]
[BlackElo "1976"]
[PlyCount "142"]
[EventDate "2018.03.24"]
[EventType "swiss"]
[EventRounds "9"]
[EventCountry "ESP"]
[SourceTitle "CBM 183 Extra"]
[Source "ChessBase"]
[SourceDate "2018.04.19"]
[SourceVersion "1"]
[SourceVersionDate "2018.04.19"]
[SourceQuality "1"]

1. e4 d5 2. exd5 Qxd5 3. Nc3 Qd8 4. Nf3 Nf6 5. Bc4 c6 6. Ne5 e6 7. Qe2 Be7 8. 0-0 0-0 9. Re1 Nbd7 10. d4 Nb6 11. Be3 Nxc4 12. Qxc4 Nd5 13. Rad1 Qa5 14. Ne4 Nxe3 15. Rxe3 Qd5 16. Qb3 Qxb3 17. Rxb3 Rd8 18. Rdd3 f6 19. Nf3 b6 20. Re3 Ba6 21. Ned2 Kf7 22. Re1 c5 23. dxc5 Bxc5 24. Ne4 Bf8 25. Rbe3 e5 26. h3 Rac8 27. c3 h6 28. g4 Rd3 29. Rxd3 Bxd3 30. Ng3 Bc2 31. Rc1 Ba4 32. Kf1 Bb5+ 33. Ke1 Rd8 34. Rd1 Rxd1+ 35. Kxd1 Bc6 36. Ke2 Bd5 37. b3 b5 38. Nd2 g6 39. f3 Ke6 40. c4 bxc4 41. Nxc4 Bc6 42. Ne3 Bb5+ 43. Nc4 f5 44. Kd3 Be7 45. Nf1 Bg5 46. Ng3 Bh4 47. gxf5+ gxf5 48. Nf1 Bc6 49. Ke2 e4 50. f4 Bd8 51. a4 Bc7 52. Ke3 Kd5 53. Ng3 Bd7 54. Ne2 Kc5 55. Nd4 Bxf4+ 56. Kxf4 Kxd4 57. Ne5 Be6 58. Nc6+ Kd3 59. Ne5+ Kc3 60. Ke3 Bxb3 61. a5 Bd5 62. Ng6 Kb4 63. Ne7 Be6 64. Nc6+ Ka4 65. a6 Bc8 66. Kd4 Bxa6 67. Ne7 Bf1 68. Nxf5 Bxh3 69. Ne3 Kb3 70. Kxe4 a5 71. Kd4 Be6 0-1

[Event "San Sebastian Gros op 26th"]
[Site "San Sebastian"]
[Date "2016.06.29"]
[Round "7"]
[White "Calvo Simon, Jorge"]
[Black "Hernandez Sanchez, Elvis de la Caridad"]
[Result "1-0"]
[WhiteElo "2103"]
[BlackElo "2331"]
[PlyCount "177"]
[EventDate "2016.06.24"]
[EventType "swiss"]
[EventRounds "9"]
[EventCountry "ESP"]
[SourceTitle "EXT 2017"]
[Source "ChessBase"]
[SourceDate "2016.10.25"]
[SourceVersion "1"]
[SourceVersionDate "2016.10.25"]
[SourceQuality "1"]

1. e4 g6 2. d4 Bg7 3. Nc3 d6 4. Be3 a6 5. a4 b6 6. Bd3 e6 7. Nf3 Ne7 8. 0-0 h6 9. Qd2 Nd7 10. Rfe1 Bb7 11. Ne2 Nf6 12. Ng3 Ng4 13. Bf4 e5 14. dxe5 dxe5 15. Be3 0-0 16. h3 Nxe3 17. Qxe3 Nc6 18. c3 Qe7 19. Rad1 Na5 20. Nf1 Bc6 21. b4 Nb7 22. Bc2 a5 23. b5 Bd7 24. N1d2 Be6 25. Qe2 Qa3 26. Ra1 Qxc3 27. Rec1 Qb4 28. Rab1 Qe7 29. Bb3 Nc5 30. Bxe6 Nxe6 31. Nc4 Rad8 32. Ne3 Nf4 33. Qf1 f5 34. exf5 e4 35. Qc4+ Kh8 36. Ne1 gxf5 37. Qxc7 Ne2+ 38. Kf1 Rd7 39. Qxb6 Nxc1 40. Rxc1 f4 41. Ng4 h5 42. Nh2 e3 43. Nhf3 Rd1 44. Rc5 e2+ 45. Kg1 Kg8 46. Rc7 Qf6 47. Qc5 Qd4 48. Nxd4 Rxe1+ 49. Kh2 Rh1+ 50. Kxh1 e1Q+ 51. Kh2 Qe5 52. Nf3 Qxc5 53. Rxc5 Re8 54. Rxh5 Bc3 55. Rf5 Re4 56. b6 Rxa4 57. Rb5 Rb4 58. Rxa5 Rxb6 59. Rc5 Rb3 60. Rc4 Bb4 61. Nd4 Rb1 62. Ne6 f3 63. g4 Rb2 64. Kg3 Be1 65. Rc8+ Kf7 66. Ng5+ Kg6 67. Ne4 Rb4 68. Rc6+ Kg7 69. Kxf3 Rb3+ 70. Kg2 Rb4 71. Ng3 Rb2 72. Nh5+ Kh7 73. Rf6 Ra2 74. Ng3 Kg7 75. Rf3 Kg6 76. h4 Ra4 77. Kh3 Ra2 78. Ne4 Rb2 79. g5 Rb4 80. Rf6+ Kg7 81. f3 Rb1 82. h5 Ba5 83. h6+ Kh7 84. Kg4 Bd8 85. Rf7+ Kg8 86. g6 Rg1+ 87. Ng3 Bg5 88. h7+ Kh8 89. Rf8+ 1-0

[Event "San Sebastian Gros op 25th"]
[Site "San Sebastian"]
[Date "2015.06.29"]
[Round "5"]
[White "Hernandez Sanchez, Elvis de la Caridad"]
[Black "Etchegaray, Patrice"]
[Result "1/2-1/2"]
[WhiteElo "2319"]
[BlackElo "2397"]
[PlyCount "33"]
[EventDate "2015.06.26"]
[EventType "swiss"]
[EventRounds "9"]
[EventCountry "ESP"]
[SourceTitle "CBM 167 Extra"]
[Source "ChessBase"]
[SourceDate "2015.09.14"]
[SourceVersion "1"]
[SourceVersionDate "2015.09.14"]
[SourceQuality "1"]

1. e4 c5 2. Nf3 Nc6 3. c3 d5 4. exd5 Qxd5 5. d4 cxd4 6. cxd4 e5 7. Nc3 Bb4 8. Be2 Nxd4 9. Bd2 Bxc3 10. Bxc3 Nxf3+ 11. Bxf3 Qxd1+ 12. Rxd1 f6 13. Ba5 Be6 14. Bxb7 Rb8 15. Bc6+ Kf7 16. Bc3 Ne7 17. Be4 1/2-1/2

[Event "San Sebastian op 38th"]
[Site "San Sebastian"]
[Date "2015.04.04"]
[Round "9"]
[White "Pap, Misa"]
[Black "Hernandez Sanchez, Elvis de la Caridad"]
[Result "1-0"]
[WhiteElo "2459"]
[BlackElo "2308"]
[PlyCount "87"]
[EventDate "2015.03.28"]
[EventType "swiss"]
[EventRounds "9"]
[EventCountry "ESP"]
[SourceTitle "CBM 165 Extra"]
[Source "ChessBase"]
[SourceDate "2015.04.21"]
[SourceVersion "1"]
[SourceVersionDate "2015.04.21"]
[SourceQuality "1"]

1. e4 g6 2. d4 Bg7 3. Nf3 d6 4. Bc4 a6 5. 0-0 e6 6. Bb3 Ne7 7. Re1 h6 8. h4 Nd7 9. c3 b6 10. Nbd2 Bb7 11. Nf1 c5 12. Bf4 cxd4 13. cxd4 d5 14. e5 Nf5 15. g3 Rc8 16. Rc1 Rxc1 17. Qxc1 Nb8 18. Ba4+ b5 19. Bc2 Nc6 20. Bxf5 gxf5 21. N1d2 Qa5 22. a3 Qb6 23. Nb3 Bf8 24. Re2 b4 25. a4 Na5 26. Nxa5 Qxa5 27. b3 Kd7 28. Rc2 Qb6 29. h5 a5 30. Qe3 Ba6 31. Rc1 Bg7 32. Kg2 Bf8 33. Nh2 Bg7 34. g4 Rg8 35. Kh3 Bf8 36. Qd2 Bg7 37. gxf5 exf5 38. Rc5 Bf8 39. Rc1 Rg4 40. Nxg4 fxg4+ 41. Kg3 Bg7 42. Qc2 Bf8 43. e6+ fxe6 44. Qh7+ 1-0

[Event "San Sebastian op 38th"]
[Site "San Sebastian"]
[Date "2015.04.03"]
[Round "8"]
[White "Hernandez Sanchez, Elvis de la Caridad"]
[Black "Vazquez Igarza, Renier"]
[Result "1/2-1/2"]
[WhiteElo "2308"]
[BlackElo "2596"]
[PlyCount "101"]
[EventDate "2015.03.28"]
[EventType "swiss"]
[EventRounds "9"]
[EventCountry "ESP"]
[SourceTitle "CBM 165 Extra"]
[Source "ChessBase"]
[SourceDate "2015.04.21"]
[SourceVersion "1"]
[SourceVersionDate "2015.04.21"]
[SourceQuality "1"]

1. e4 e5 2. Nf3 Nf6 3. Nxe5 d6 4. Nf3 Nxe4 5. Qe2 Qe7 6. d3 Nf6 7. Qxe7+ Bxe7 8. Nc3 Na6 9. a3 c6 10. h3 Nc7 11. Be2 Bd7 12. Bd2 Ne6 13. Ng5 Nd4 14. Bd1 0-0 15. 0-0 Rfe8 16. Re1 d5 17. Nf3 Bc5 18. Rxe8+ Rxe8 19. Nxd4 Bxd4 20. Bf3 h6 21. Re1 Be5 22. Kf1 Kf8 23. Rb1 Ke7 24. Ne2 b6 25. Bf4 Kd6 26. Re1 c5 27. Bxe5+ Rxe5 28. Ng3 g6 29. Rxe5 Kxe5 30. Ke1 d4 31. Bb7 Be6 32. Ne2 g5 33. Ng1 Kd6 34. Ne2 Ke5 35. Ng1 Nd5 36. Nf3+ Kd6 37. Bxd5 Bxd5 38. Ke2 Ke6 39. a4 Kf5 40. b3 f6 41. g3 h5 42. Ng1 Ke5 43. f3 h4 44. Kf2 hxg3+ 45. Kxg3 Kf5 46. Ne2 Bc6 47. Nc1 Kg6 48. Ne2 Kf5 49. Nc1 Be8 50. Ne2 Ke5 51. h4 1/2-1/2

[Event "San Sebastian op 37th"]
[Site "San Sebastian"]
[Date "2014.04.18"]
[Round "8"]
[White "Cao Armillas, Jesus"]
[Black "Hernandez Sanchez, Elvis de la Caridad"]
[Result "0-1"]
[WhiteElo "2151"]
[BlackElo "2324"]
[PlyCount "94"]
[EventDate "2014.04.12"]
[EventType "swiss"]
[EventRounds "9"]
[EventCountry "ESP"]
[SourceTitle "CBM 159 Extra"]
[Source "ChessBase"]
[SourceDate "2014.04.24"]
[SourceVersion "1"]
[SourceVersionDate "2014.04.24"]
[SourceQuality "1"]

1. d4 d5 2. c4 dxc4 3. Nf3 Nf6 4. e3 e6 5. Bxc4 a6 6. 0-0 c5 7. Qe2 b5 8. Bb3 Bb7 9. a4 Nbd7 10. Nbd2 Qb6 11. Rd1 Be7 12. axb5 axb5 13. Rxa8+ Bxa8 14. Bc2 cxd4 15. Nxd4 Qb7 16. f3 b4 17. N2b3 0-0 18. e4 Qb8 19. Qf2 Rc8 20. Bd3 Bd6 21. Qh4 Ne5 22. Bf1 Ng6 23. Qh3 Qa7 24. Kh1 Qa2 25. Be2 Bb7 26. g3 Bf8 27. Nd2 e5 28. N4b3 Rc7 29. Qf1 Nd7 30. Bd3 Nb6 31. Bb1 Qa4 32. Bd3 Bc8 33. Bb5 Qa2 34. Qd3 Be6 35. Qe3 Na4 36. Bxa4 Qxa4 37. Rf1 Rd7 38. f4 exf4 39. gxf4 f5 40. Nc5 Qa7 41. Ndb3 Re7 42. Nxe6 Qa6 43. Rd1 Rxe6 44. e5 Qc6+ 45. Kg1 Nh4 46. Qe2 Rg6+ 47. Kf1 Qh1+ 0-1

[Event "San Sebastian op 37th"]
[Site "San Sebastian"]
[Date "2014.04.14"]
[Round "4"]
[White "Bayo Milagro, Alvaro"]
[Black "Hernandez Sanchez, Elvis de la Caridad"]
[Result "1/2-1/2"]
[WhiteElo "1997"]
[BlackElo "2324"]
[PlyCount "136"]
[EventDate "2014.04.12"]
[EventType "swiss"]
[EventRounds "9"]
[EventCountry "ESP"]
[SourceTitle "CBM 159 Extra"]
[Source "ChessBase"]
[SourceDate "2014.04.24"]
[SourceVersion "1"]
[SourceVersionDate "2014.04.24"]
[SourceQuality "1"]

1. e4 g6 2. d4 Bg7 3. Nc3 d6 4. f4 e6 5. Nf3 Ne7 6. Bd3 Nd7 7. 0-0 b6 8. Be3 Bb7 9. Ne2 d5 10. e5 c5 11. c3 Qc8 12. b4 0-0 13. g4 f6 14. Ng3 fxe5 15. fxe5 cxb4 16. cxb4 Qc3 17. Rb1 h6 18. Ne2 Qc8 19. Nf4 Nb8 20. Nxg6 Nxg6 21. Bxg6 Nc6 22. Bd3 a5 23. a3 axb4 24. axb4 Ra2 25. g5 Qe8 26. Nh4 Rxf1+ 27. Bxf1 hxg5 28. Bxg5 Qf7 29. Be3 Bh6 30. Qe1 Bxe3+ 31. Qxe3 Qh7 32. Qg3+ Qg7 33. Nf3 Qxg3+ 34. hxg3 Ra4 35. Bh3 Rxb4 36. Bxe6+ Kg7 37. Rd1 Ne7 38. Rc1 Rc4 39. Rb1 Rc6 40. Bd7 Rc7 41. e6 Bc8 42. Ne5 Ng6 43. Nxg6 Kxg6 44. Rxb6 Kf6 45. Rd6 Bb7 46. Bb5 Bc8 47. Be2 Rg7 48. Rxd5 Bxe6 49. Re5 Rxg3+ 50. Kf2 Rg5 51. Re4 Bd5 52. Rh4 Ke7 53. Ke3 Rf5 54. Bg4 Rf7 55. Be2 Rf6 56. Rh7+ Kd6 57. Bg4 Be6 58. Bf3 Bd5 59. Bxd5 Kxd5 60. Rh5+ Kd6 61. Ke4 Rg6 62. Ra5 Rg4+ 63. Kd3 Rg1 64. Ra8 Rd1+ 65. Kc3 Kd5 66. Rd8+ Kc6 67. Kc4 Rc1+ 68. Kd3 Re1 1/2-1/2

[Event "Euskadi-chT (Vasca) Div Honor"]
[Site "Bergara"]
[Date "2014.02.08"]
[Round "5.2"]
[White "Franco Alonso, Alejandro"]
[Black "Hernandez Sanchez, Elvis de la Caridad"]
[Result "1-0"]
[WhiteElo "2479"]
[BlackElo "2346"]
[PlyCount "61"]
[EventDate "2014.01.11"]
[EventType "team-tourn"]
[EventRounds "9"]
[EventCountry "ESP"]
[SourceTitle "EXT 2024"]
[Source "ChessBase"]
[SourceDate "2023.10.10"]
[SourceVersion "1"]
[SourceVersionDate "2023.10.10"]
[SourceQuality "1"]

1. Nf3 g6 2. d4 Bg7 3. c4 d6 4. Nc3 Nc6 5. d5 Ne5 6. Nxe5 Bxe5 7. e4 Nf6 8. Bd3 c6 9. 0-0 0-0 10. Bg5 Nd7 11. Re1 Nc5 12. Bf1 f5 13. exf5 Rxf5 14. Qd2 Qf8 15. g3 Bd7 16. Be3 Rf7 17. Bxc5 Bxc3 18. bxc3 dxc5 19. Bg2 Rd8 20. Qe3 Qg7 21. Rab1 b6 22. dxc6 Bf5 23. Rbd1 Rff8 24. Bd5+ Kh8 25. Qxe7 Qxc3 26. c7 Rde8 27. Qxe8 Rxe8 28. Rxe8+ Kg7 29. Re6 Bxe6 30. Bxe6 Qc2 31. Rf1 1-0

[Event "Euskadi-chTB"]
[Site "Bergara"]
[Date "2013.01.26"]
[Round "3.2"]
[White "Hernandez Sanchez, Elvis de la Caridad"]
[Black "Sarralde Osua, Rodrigo"]
[Result "0-1"]
[WhiteElo "2288"]
[BlackElo "2317"]
[PlyCount "92"]
[EventDate "2013.01.12"]
[EventType "team-tourn"]
[EventRounds "9"]
[EventCountry "ESP"]
[SourceTitle "EXT 2014"]
[Source "ChessBase"]
[SourceDate "2013.11.20"]
[SourceVersion "1"]
[SourceVersionDate "2013.11.20"]
[SourceQuality "1"]

1. e4 c5 2. c3 d5 3. exd5 Qxd5 4. Nf3 Nf6 5. d4 Bg4 6. Nbd2 e6 7. Qa4+ Nbd7 8. Bc4 Qd6 9. 0-0 Be7 10. dxc5 Qxc5 11. Bb5 Qc7 12. h3 Bh5 13. Ne4 Bxf3 14. Nxf6+ gxf6 15. gxf3 Rg8+ 16. Kh1 a6 17. Bf4 e5 18. Be3 0-0-0 19. Bxd7+ Qxd7 20. Qxd7+ Rxd7 21. Rad1 f5 22. Rg1 Rxg1+ 23. Rxg1 f4 24. Bc1 Bc5 25. Kg2 Rd3 26. Re1 f6 27. Re4 Kc7 28. Re2 Rd1 29. Bd2 Ra1 30. b4 Bb6 31. Be1 Kd6 32. Kf1 f5 33. Rd2+ Ke6 34. Re2 Rd1 35. Rd2 Rxd2 36. Bxd2 Kd5 37. Ke2 Kc4 38. Be1 a5 39. a3 Bc7 40. Kd2 a4 41. Kc2 Bb6 42. Kd2 Kb3 43. Kd3 Kxa3 44. Kc2 e4 45. fxe4 fxe4 46. c4 Bxf2 0-1

[Event "San Sebastian Gros op 22nd"]
[Site "San Sebastian"]
[Date "2012.09.25"]
[Round "6"]
[White "Hernandez Sanchez, Elvis de la Caridad"]
[Black "Argandona Riveiro, Inigo"]
[Result "0-1"]
[WhiteElo "2289"]
[BlackElo "2394"]
[PlyCount "64"]
[EventDate "2012.09.20"]
[EventType "swiss"]
[EventRounds "8"]
[EventCountry "ESP"]
[SourceTitle "EXT 2013"]
[Source "ChessBase"]
[SourceDate "2012.11.22"]
[SourceVersion "1"]
[SourceVersionDate "2012.11.22"]
[SourceQuality "1"]

1. e4 g6 2. d4 Bg7 3. Nc3 c6 4. Nf3 d5 5. h3 Nh6 6. Bd3 0-0 7. 0-0 f6 8. Re1 Nf7 9. Bf1 e6 10. Be3 Nd7 11. Qd2 Nb6 12. b3 Bd7 13. Rad1 Nc8 14. Qd3 Ncd6 15. Bc1 b5 16. Ba3 Qa5 17. Bxd6 Nxd6 18. e5 Nf7 19. exf6 Bxf6 20. Ne2 e5 21. dxe5 Nxe5 22. Nxe5 Bxe5 23. Nd4 Rae8 24. Re3 Qxa2 25. Nxb5 Bf5 26. Qe2 Qxc2 27. Rd2 Qc1 28. Nd4 Be4 29. Rc2 Bxc2 30. Rxe5 Bd3 31. Qxd3 Rxe5 32. Kh2 Qf4+ 0-1

[Event "San Sebastian Gros op 22nd"]
[Site "San Sebastian"]
[Date "2012.09.24"]
[Round "5"]
[White "Rodriguez Cabrera, Francisco Javier"]
[Black "Hernandez Sanchez, Elvis de la Caridad"]
[Result "0-1"]
[WhiteElo "1945"]
[BlackElo "2289"]
[PlyCount "48"]
[EventDate "2012.09.20"]
[EventType "swiss"]
[EventRounds "8"]
[EventCountry "ESP"]
[SourceTitle "EXT 2013"]
[Source "ChessBase"]
[SourceDate "2012.11.22"]
[SourceVersion "1"]
[SourceVersionDate "2012.11.22"]
[SourceQuality "1"]

1. e4 e6 2. d4 d5 3. Nd2 c5 4. Ngf3 cxd4 5. Nxd4 Nf6 6. e5 Nfd7 7. N2f3 Nc6 8. Nxc6 bxc6 9. Be3 Qc7 10. Bf4 Rb8 11. Qc1 Bc5 12. b3 Ba6 13. Bxa6 Qa5+ 14. c3 Qxa6 15. Qd1 Ba3 16. Rb1 Nc5 17. c4 Bb4+ 18. Bd2 Nd3+ 19. Kf1 Bxd2 20. Nxd2 0-0 21. Qe2 dxc4 22. Nxc4 Qxc4 23. Rd1 Qa6 24. Ra1 Nf4 0-1

[Event "Euskadi-chT (Vasca) Div Honor"]
[Site "Bergara"]
[Date "2012.03.10"]
[Round "9.4"]
[White "Salinero de Prado, Juan Manuel"]
[Black "Hernandez Sanchez, Elvis de la Caridad"]
[Result "1-0"]
[WhiteElo "2141"]
[BlackElo "2305"]
[PlyCount "95"]
[EventDate "2012.01.14"]
[EventType "team-tourn"]
[EventRounds "9"]
[EventCountry "ESP"]
[SourceTitle "EXT 2024"]
[Source "ChessBase"]
[SourceDate "2023.10.10"]
[SourceVersion "1"]
[SourceVersionDate "2023.10.10"]
[SourceQuality "1"]
[WhiteTeam "Zuri Baltza"]
[BlackTeam "Easo Xake Taldea"]
[WhiteTeamCountry "ESP"]
[BlackTeamCountry "ESP"]

1. b3 Nf6 2. Bb2 d5 3. e3 Nbd7 4. f4 g6 5. g4 Rg8 6. g5 Ne4 7. Qf3 c6 8. Ne2 h5 9. d3 Qa5+ 10. Nbc3 Nxc3 11. Bxc3 Qc7 12. f5 Bg7 13. d4 Nf8 14. Bh3 Bxf5 15. Bxf5 gxf5 16. Qxf5 Qd7 17. Qf2 Nh7 18. h4 f6 19. Qf3 0-0-0 20. Qxh5 Rh8 21. Qf7 Nxg5 22. Qxg7 Rdg8 23. Qxg8+ Rxg8 24. hxg5 Rxg5 25. 0-0-0 Qe6 26. Bd2 Qd6 27. Rh8+ Kd7 28. Nf4 Qa3+ 29. Kb1 Rg7 30. Nd3 b6 31. Bb4 Qa6 32. Kb2 Qb7 33. Rdh1 Ke6 34. Rf8 Kf5 35. Rf1+ Ke6 36. Nf4+ Kd7 37. Rh1 c5 38. dxc5 d4 39. Rh5 e5 40. Nd3 a5 41. cxb6 Qxb6 42. Bc5 Qc6 43. Rxe5 Qf3 44. exd4 Qg2 45. Rxf6 a4 46. Ra6 axb3 47. axb3 Rg5 48. Ra7+ 1-0

[Event "Euskadi-chT (Vasca) Div Honor"]
[Site "Bergara"]
[Date "2012.03.03"]
[Round "8.1"]
[White "Franco Alonso, Alejandro"]
[Black "Hernandez Sanchez, Elvis de la Caridad"]
[Result "1/2-1/2"]
[WhiteElo "2449"]
[BlackElo "2305"]
[PlyCount "42"]
[EventDate "2012.01.14"]
[EventType "team-tourn"]
[EventRounds "9"]
[EventCountry "ESP"]
[SourceTitle "EXT 2024"]
[Source "ChessBase"]
[SourceDate "2023.10.10"]
[SourceVersion "1"]
[SourceVersionDate "2023.10.10"]
[SourceQuality "1"]
[WhiteTeam "Gros Xake Taldea"]
[BlackTeam "Easo Xake Taldea"]
[WhiteTeamCountry "ESP"]
[BlackTeamCountry "ESP"]

1. c4 e6 2. g3 Nf6 3. Bg2 d5 4. Nf3 c5 5. 0-0 Nc6 6. d4 dxc4 7. Ne5 Nxe5 8. dxe5 Nd7 9. f4 Rb8 10. a4 a6 11. a5 Be7 12. Qc2 0-0 13. Nd2 b5 14. axb6 Nxb6 15. Be4 g6 16. Rf3 Kg7 17. Kg2 Qd4 18. Rc3 Rd8 19. Bc6 Bd7 20. Bxd7 Qxd7 21. Nxc4 Qb7+ 1/2-1/2

[Event "Basque-chT"]
[Site "Bergara"]
[Date "2012.02.18"]
[Round "6"]
[White "Diaz Herrero, Alvaro"]
[Black "Hernandez Sanchez, Elvis de la Caridad"]
[Result "1/2-1/2"]
[WhiteElo "2132"]
[BlackElo "2305"]
[PlyCount "37"]
[EventDate "2012.01.14"]
[EventType "team"]
[EventRounds "9"]
[EventCountry "ESP"]
[SourceTitle "EXT 2013"]
[Source "ChessBase"]
[SourceDate "2012.11.22"]
[SourceVersion "1"]
[SourceVersionDate "2012.11.22"]
[SourceQuality "1"]
[WhiteTeam "Altzaga Leioa"]
[BlackTeam "Easo Xake Taldea"]
[WhiteTeamCountry "ESP"]
[BlackTeamCountry "ESP"]

1. d4 d5 2. c4 dxc4 3. Nf3 a6 4. e3 b5 5. a4 Bb7 6. b3 Nf6 7. axb5 axb5 8. Rxa8 Bxa8 9. bxc4 bxc4 10. Bxc4 e6 11. 0-0 Nbd7 12. Nbd2 Be7 13. Bb2 0-0 14. Qc2 c5 15. Bd3 cxd4 16. Bxd4 Qa5 17. Ne4 Bxe4 18. Bxe4 Nxe4 19. Qxe4 1/2-1/2

[Event "Gipuzkoa-ch"]
[Site "San Sebastian"]
[Date "2011.12.03"]
[Round "7"]
[White "Hernandez Sanchez, Elvis de la Caridad"]
[Black "Argandona Riveiro, Inigo"]
[Result "1/2-1/2"]
[WhiteElo "2303"]
[BlackElo "2387"]
[PlyCount "36"]
[EventDate "2011.10.08"]
[EventType "swiss"]
[EventRounds "7"]
[EventCountry "ESP"]
[SourceTitle "EXT 2024"]
[Source "ChessBase"]
[SourceDate "2023.10.10"]
[SourceVersion "1"]
[SourceVersionDate "2023.10.10"]
[SourceQuality "1"]

1. e4 d6 2. Bc4 Nf6 3. d3 c6 4. Bb3 Nbd7 5. c3 e5 6. Nf3 Be7 7. 0-0 0-0 8. Re1 Nc5 9. Bc2 Bg4 10. d4 Ne6 11. dxe5 Bxf3 12. Qxf3 dxe5 13. Nd2 Qc7 14. g3 Kh8 15. Nc4 Ng8 16. a4 g6 17. Be3 b6 18. b4 Rae8 1/2-1/2

[Event "San Sebastian op 34th"]
[Site "San Sebastian"]
[Date "2011.04.22"]
[Round "8"]
[White "Segovia Sanchez, Antonio"]
[Black "Hernandez Sanchez, Elvis de la Caridad"]
[Result "0-1"]
[WhiteElo "1996"]
[BlackElo "2276"]
[PlyCount "52"]
[EventDate "2011.04.16"]
[EventType "swiss"]
[EventRounds "9"]
[EventCountry "ESP"]
[SourceTitle "CBM 141 Extra"]
[Source "ChessBase"]
[SourceDate "2011.05.03"]
[SourceVersion "1"]
[SourceVersionDate "2011.05.03"]
[SourceQuality "1"]

1. d4 c5 2. e3 Nf6 3. Nf3 b6 4. Bd3 Bb7 5. Nbd2 g6 6. 0-0 Bg7 7. c3 0-0 8. a4 cxd4 9. exd4 Nc6 10. Re1 Rc8 11. Qe2 Qc7 12. Nb3 h6 13. Nh4 Rfe8 14. f4 e6 15. Be3 d6 16. Nf3 e5 17. fxe5 dxe5 18. dxe5 Nxe5 19. Nxe5 Rxe5 20. Qf1 Rxe3 21. Rxe3 Ng4 22. Rg3 h5 23. Nd4 Nxh2 24. Qe1 Be5 25. Re3 Ng4 26. Re2 Bxd4+ 0-1

[Event "San Sebastian op 34th"]
[Site "San Sebastian"]
[Date "2011.04.21"]
[Round "7"]
[White "Hernandez Sanchez, Elvis de la Caridad"]
[Black "Newrkla, Katharina"]
[Result "1/2-1/2"]
[WhiteElo "2276"]
[BlackElo "2055"]
[PlyCount "81"]
[EventDate "2011.04.16"]
[EventType "swiss"]
[EventRounds "9"]
[EventCountry "ESP"]
[SourceTitle "CBM 141 Extra"]
[Source "ChessBase"]
[SourceDate "2011.05.03"]
[SourceVersion "1"]
[SourceVersionDate "2011.05.03"]
[SourceQuality "1"]

1. e4 c5 2. Nf3 d6 3. d4 cxd4 4. Nxd4 Nf6 5. Nc3 a6 6. Bg5 Nbd7 7. f3 Qc7 8. Qd2 e6 9. 0-0-0 Be7 10. h4 h6 11. Be3 h5 12. Bg5 Ne5 13. Kb1 Bd7 14. Bd3 b5 15. Rhe1 Rc8 16. f4 Nc4 17. Bxc4 Qxc4 18. a3 a5 19. e5 b4 20. Na2 dxe5 21. fxe5 Nd5 22. Bxe7 Kxe7 23. Re4 Qc5 24. axb4 axb4 25. Nb3 Qa7 26. Qg5+ Kf8 27. Nxb4 Qb7 28. Red4 Qc7 29. Qd2 Bc6 30. Rc4 Qb6 31. Nxd5 exd5 32. Rb4 Qa7 33. Rf1 Rh6 34. Rbf4 Be8 35. Qxd5 Kg8 36. Qa5 Ra6 37. Qd5 Ra8 38. Kc1 Qe3+ 39. Kb1 Qa7 40. Kc1 Qe3+ 41. Kb1 1/2-1/2